Documento sobre medidas de verificación emitido en la reunión cumbre de México
Saved in:
| Corporate Author: | |
|---|---|
| Format: | Book |
| Language: | Spanish |
| Published: |
Azcapotzalco, Distrito Federal, México
Universidad Autónoma Metropolitana
1986
|
| Subjects: | |
| Tags: |
Add Tag
No Tags, Be the first to tag this record!
|
MARC
| LEADER | 00000nam a2200000 4500 | ||
|---|---|---|---|
| 003 | cru CIDCACS/IIS | ||
| 005 | 20231019151658.0 | ||
| 008 | 190122b1986 MX ||||| |||| 00| 0 spa d | ||
| 040 | |c cru CIDCACS/IIS | ||
| 090 | |a REV0001 7(17) 1986 | ||
| 110 | |9 8250 |a Grupo de los Seis | ||
| 245 | |a Documento sobre medidas de verificación emitido en la reunión cumbre de México |c Grupo de los Seis | ||
| 260 | |a Azcapotzalco, Distrito Federal, México |b Universidad Autónoma Metropolitana |c 1986 | ||
| 300 | |a Páginas 171-176 | ||
| 650 | 4 | |9 2646 |a RELACIONES INTERNACIONALES | |
| 650 | 0 | |a POLITICA INTERNACIONAL |9 382 | |
| 650 | 4 | |9 1848 |a DIPLOMACIA | |
| 650 | 0 | |9 8239 |a ARMAMENTISMO | |
| 650 | 0 | |9 5212 |a SEGURIDAD NACIONAL | |
| 651 | 0 | |9 245 |a ESTADOS UNIDOS | |
| 651 | 0 | |9 3346 |a ARGENTINA | |
| 653 | |a RAUL ALFONSIN | ||
| 773 | 0 | |0 18805 |9 2594 |d Azcapotzalco UAM |o 02235 |t AZCAPOTZALCO | |
| 942 | |2 ddc |c PP | ||
| 999 | |c 42087 |d 42087 | ||
